1460 1500 1946 1259 1206 1352 1296 1437 1301 1328 1244 1039 1459 1340 1438 1046 1487 1456 1806 1927 1827 1736 1284 1200 1215 1632 1422 1449 1996 1285 1408 1332 1880 1328 1504 1697 1535 1454 1605 1404 1181 1280 1707 1485 1519 1135 1102 1823 1256 1667 1405 1090 1797 1759 1198 1222 1197 1984 1233 1606 1238 1679 1209 1324 1652 1225 1355 1998 1861 1553 1918 1439 1278 1019 1891 1263 1367 1470 1443 1043 1785 1152 1585 1291 1905 1506 1620 1938 1366 1408 1583 1385 1613 1527 1650 1152 1839 1575 1454 BCNSPRNW ULIB Ver.6.0+V

เปลี่ยนเป็นภาษาไทย

Change to English
 แสดงรายละเอียดบรรณานุกรม
  กลับหน้าหลัก

Brief Record : Get Marc (ISO 2709) : E-mail record : QR code < ปิดหน้าต่าง
LEADER : 00000nam 2200000uu 4500
001    13399121795
003     ULIB
008    121207s2550||||th 000 0 tha d
090    นว.^bล472n
245 00 สิ้นเสียงปักษา
260    ^c2550
945    ^p0^l0^i021000
999    ^aใช้งานได้ทุกระบบ
รายการนี้ยังไม่มีแท็ก
คุณยังไม่ได้ล็อกอิน คุณสามารถมีกิจกรรมร่วมกับเว็บไซต์ได้ แต่ต้องล็อกอินก่อน ::
  ล็อกอิน

รายการสื่อสารสนเทศ

ลำดับที่ ประเภท เลขเรียก/บาร์โค้ด สถานที่ สถานะ
1. นวนิยาย
นวนิยาย
นว. ล472n  
  Barcode: 021000
ห้องสมุดวิทยาเขตสวรรค์ประชารักษ์
►นวนิยาย
บนชั้น
  ขอยืม

BibComment


ยังไม่เคยถูกคอมเมนท์

คอมเมนท์ทรัพยากรรายการนี้
  คอมเมนท์: สิ้นเสียงปักษา


 Copyright 2026. Bcnsprnw @Library